[Event "British Chess Championship 2010"]
[Site "Canterbury ENG"]
[Date "2010.07.30"]
[Round "5.20"]
[White "Jones, Victor G L"]
[Black "Ynojosa-Aponte, Felix Jose"]
[Result "1/2-1/2"]
[WhiteElo "2105"]
[BlackElo "2224"]
[PlyCount "88"]
[EventDate "2010.07.27"]
[EventType "swiss"]
[EventRounds "11"]
[EventCountry "ENG"]
[Source "lmi"]
[SourceDate "2010.07.25"]

1. e4 c5 2. Nf3 Nc6 3. Bb5 e6 4. O-O Nge7 5. Re1 a6 6. Bxc6 Nxc6 7. d4 cxd4 8.
Nxd4 Qc7 9. Nc3 Be7 10. Nxc6 dxc6 11. e5 Bd7 12. Qg4 g5 13. Qh5 h6 14. Bd2 Rh7
15. Rad1 O-O-O 16. Qf3 c5 17. Ne4 Bc6 18. Bc3 Bxe4 19. Rxd8+ Qxd8 20. Qxe4 Rh8
21. Qf3 Qg8 22. Ba5 Qg6 23. Qb3 Bd8 24. Bxd8 Rxd8 25. Qc3 Rd5 26. b4 b6 27.
bxc5 Rxc5 28. Qf3 Kb8 29. c4 Rxe5 30. Rd1 Qe4 31. Qc3 Rc5 32. Qf6 Rc7 33. c5
bxc5 34. h3 Ka7 35. f3 Qe3+ 36. Kh1 c4 37. Qd8 Qc5 38. Rd7 Kb7 39. Rd1 Ka7 40.
Rb1 Rb7 41. Rc1 c3 42. Qd3 Rc7 43. Rc2 h5 44. g3 Qe5 1/2-1/2

[Event "British Chess Championship 2010"]
[Site "Canterbury ENG"]
[Date "2010.07.30"]
[Round "5.21"]
[White "Henderson, Ian R"]
[Black "Josse, Mark"]
[Result "1/2-1/2"]
[WhiteElo "2108"]
[BlackElo "2128"]
[PlyCount "54"]
[EventDate "2010.07.27"]
[EventType "swiss"]
[EventRounds "11"]
[EventCountry "ENG"]
[Source "lmi"]
[SourceDate "2010.07.25"]

1. d4 d5 2. c4 c6 3. Nf3 Nf6 4. e3 Bf5 5. Nc3 e6 6. Bd3 Bxd3 7. Qxd3 Nbd7 8.
O-O Be7 9. e4 dxe4 10. Nxe4 O-O 11. Nc3 Qc7 12. Bg5 Rad8 13. Rfe1 Rfe8 14. Rad1
Nb6 15. Bh4 a6 16. Bg3 Qc8 17. Ne4 Nxe4 18. Rxe4 c5 19. b3 cxd4 20. Rxd4 Rxd4
21. Qxd4 Rd8 22. Qa1 f6 23. Rxd8+ Qxd8 24. Qd4 Qxd4 25. Nxd4 e5 26. Nc2 Kf7 27.
f3 Bc5+ 1/2-1/2

[Event "British Chess Championship 2010"]
[Site "Canterbury ENG"]
[Date "2010.07.30"]
[Round "5.22"]
[White "Cumbers, Paul"]
[Black "Galliano, Alexander"]
[Result "1-0"]
[WhiteElo "2218"]
[BlackElo "2085"]
[PlyCount "147"]
[EventDate "2010.07.27"]
[EventType "swiss"]
[EventRounds "11"]
[EventCountry "ENG"]
[Source "lmi"]
[SourceDate "2010.07.25"]

1. d4 Nf6 2. c4 g6 3. Nc3 Bg7 4. e4 d6 5. Nf3 O-O 6. Be2 e5 7. O-O exd4 8. Nxd4
Re8 9. f3 Nc6 10. Be3 Nh5 11. Qd2 f5 12. Nxc6 bxc6 13. exf5 Bxf5 14. Rae1 Nf6
15. Bd1 Qb8 16. Ba4 Bd7 17. Bd4 Qb4 18. Kh1 Rab8 19. Rxe8+ Bxe8 20. Qd3 Bf7 21.
b3 d5 22. cxd5 Nxd5 23. Bxg7 Kxg7 24. Ne4 c5 25. Bc6 Qd4 26. Qxd4+ cxd4 27.
Bxd5 Bxd5 28. Nc5 Re8 29. Nd3 Bc6 30. a4 Re3 31. Rd1 Rxf3 32. Kg1 Re3 33. Kf2
Bd5 34. Nc5 Rc3 35. b4 Rc4 36. Na6 Rc2+ 37. Kg3 Rxg2+ 38. Kh3 Ra2 39. Nxc7 Ra3+
40. Kh4 Bf7 41. Rxd4 Rxa4 42. Kg3 a5 43. Na6 Be8 44. Nc7 Bf7 45. Na6 Ra3+ 46.
Kf2 Ra2+ 47. Kg3 a4 48. b5 a3 49. Ra4 Ra1 50. b6 a2 51. b7 Rg1+ 52. Kf2 a1=Q
53. Rxa1 Rxa1 54. Nb4 Ra5 55. b8=Q Rf5+ 56. Ke3 h5 57. Qd6 Rf1 58. Nd3 Rf5 59.
Qd7 Rd5 60. Qe7 Rf5 61. h4 Kg8 62. Nf4 Kh7 63. Ne6 Re5+ 64. Kf4 Rf5+ 65. Kg3
Rf1 66. Qf8 Rg1+ 67. Kf2 Bxe6 68. Kxg1 Bf5 69. Kf2 Bg4 70. Kg3 Bf5 71. Kf4 Bb1
72. Kg5 Bf5 73. Kf6 g5 74. Qg7# 1-0

[Event "British Chess Championship 2010"]
[Site "Canterbury ENG"]
[Date "2010.07.30"]
[Round "5.23"]
[White "Clarke, Brandon G I"]
[Black "Anderson, John"]
[Result "0-1"]
[WhiteElo "2097"]
[BlackElo "2208"]
[PlyCount "60"]
[EventDate "2010.07.27"]
[EventType "swiss"]
[EventRounds "11"]
[EventCountry "ENG"]
[Source "lmi"]
[SourceDate "2010.07.25"]

1. d4 Nf6 2. c4 c6 3. Nf3 d5 4. g3 Bf5 5. Bg2 e6 6. O-O Nbd7 7. b3 h6 8. Bb2
Be7 9. Nc3 O-O 10. Nd2 Re8 11. e4 dxe4 12. Ncxe4 Nxe4 13. Nxe4 Nf6 14. Nxf6+
Bxf6 15. f4 Re7 16. Rf2 Rd7 17. Rd2 Qb6 18. c5 Qa5 19. Qe2 Rad8 20. Qe3 e5 21.
d5 exf4 22. gxf4 Bxb2 23. Rxb2 cxd5 24. b4 Qc7 25. Qd4 Re7 26. Kh1 Be4 27. Rf1
f5 28. Qc3 d4 29. Qb3+ Kh8 30. Qh3 Qc6 0-1

[Event "British Chess Championship 2010"]
[Site "Canterbury ENG"]
[Date "2010.07.30"]
[Round "5.24"]
[White "Cumming, Rhys"]
[Black "Haydon, David L"]
[Result "0-1"]
[WhiteElo "1986"]
[BlackElo "2187"]
[PlyCount "94"]
[EventDate "2010.07.27"]
[EventType "swiss"]
[EventRounds "11"]
[EventCountry "ENG"]
[Source "lmi"]
[SourceDate "2010.07.25"]

1. e4 e6 2. d4 d5 3. e5 c5 4. c3 Ne7 5. Na3 Nbc6 6. Nf3 cxd4 7. cxd4 Nf5 8. Nc2
Qb6 9. Bd3 Nb4 10. Nxb4 Bxb4+ 11. Bd2 Nxd4 12. Nxd4 Qxd4 13. Qa4+ Bd7 14. Qxb4
Qxd3 15. Qxb7 Rc8 16. Bc3 Qc4 17. Qb4 Qxb4 18. Bxb4 Rc2 19. O-O Rxb2 20. Rab1
Rxb1 21. Rxb1 Bc6 22. Bd6 Kd7 23. Rb8 Rxb8 24. Bxb8 a5 25. f4 d4 26. g3 Bd5 27.
a3 Kc6 28. Kf2 Bb3 29. h4 h5 30. Ba7 Kd5 31. Bb6 a4 32. Ba5 f6 33. Bc7 Ke4 34.
Ke2 Bc4+ 35. Kd2 Kf3 36. exf6 gxf6 37. Bd8 f5 38. Bf6 Kxg3 39. Ke1 Kxf4 40.
Bxd4 e5 41. Bc5 Kf3 42. Kd2 f4 43. Kc3 Bb3 44. Kd2 e4 45. Ke1 e3 46. Kf1 Ke4
47. Bd6 Bc4+ 0-1

[Event "British Chess Championship 2010"]
[Site "Canterbury ENG"]
[Date "2010.07.30"]
[Round "5.25"]
[White "Rich, Mark C"]
[Black "Makepeace, Philip J"]
[Result "1-0"]
[WhiteElo "2166"]
[BlackElo "2074"]
[PlyCount "79"]
[EventDate "2010.07.27"]
[EventType "swiss"]
[EventRounds "11"]
[EventCountry "ENG"]
[Source "lmi"]
[SourceDate "2010.07.25"]

1. d4 c5 2. e4 cxd4 3. c3 d3 4. c4 e6 5. Nc3 Bb4 6. Qxd3 Nc6 7. Bd2 Nf6 8. Rd1
O-O 9. a3 Ba5 10. Be2 Bb6 11. b4 a5 12. b5 Ne5 13. Qg3 d6 14. Bg5 Bc7 15. c5 h6
16. cxd6 hxg5 17. Qxe5 Bb6 18. Qxg5 e5 19. Nf3 Bc5 20. O-O Bxa3 21. Qh4 Re8 22.
Ng5 Be6 23. f4 Qb6+ 24. Kh1 Bxd6 25. f5 Bb3 26. Rd3 Bb4 27. Rh3 Kf8 28. Nd5
Bxd5 29. exd5 Qd4 30. Qh8+ Ke7 31. Qxg7 Qxd5 32. Rh6 Ng8 33. Re6+ Kd7 34. Qxf7+
Re7 35. Rxe7+ Nxe7 36. Rd1 Bd2 37. Qxd5+ Nxd5 38. Rxd2 Kd6 39. Bc4 Kc5 40. Bxd5
1-0

[Event "British Chess Championship 2010"]
[Site "Canterbury ENG"]
[Date "2010.07.30"]
[Round "5.26"]
[White "Eames, Robert S"]
[Black "Brown, Martin"]
[Result "1/2-1/2"]
[WhiteElo "2287"]
[BlackElo "2093"]
[PlyCount "98"]
[EventDate "2010.07.27"]
[EventType "swiss"]
[EventRounds "11"]
[EventCountry "ENG"]
[Source "lmi"]
[SourceDate "2010.07.25"]

1. e4 e6 2. d4 d5 3. Nc3 Nf6 4. Bg5 Bb4 5. e5 h6 6. Be3 Ne4 7. Qg4 g6 8. a3
Bxc3+ 9. bxc3 c5 10. Bd3 h5 11. Qf4 g5 12. Qf3 Nxc3 13. dxc5 Nc6 14. Qf6 Qxf6
15. exf6 g4 16. h3 e5 17. hxg4 Bxg4 18. f3 Be6 19. g4 e4 20. Bf1 exf3 21. Rxh5
O-O-O 22. Rxh8 Rxh8 23. g5 Bg4 24. Bd3 d4 25. Bf4 Nd8 26. g6 fxg6 27. Bxg6 Rf8
28. Bg5 Nd5 29. Kf2 Rg8 30. f7 Nxf7 31. Bxf7 Rxg5 32. Rd1 Bh5 33. Be6+ Kc7 34.
Nxf3 Bxf3 35. Kxf3 Nf6 36. Rxd4 Rxc5 37. Bb3 Nd7 38. Rh4 Re5 39. Rh7 Kc6 40.
Kf4 Re2 41. Ba4+ b5 42. Rxd7 bxa4 43. Rxa7 Rxc2 44. Rxa4 Kb5 45. Ra8 Rc4+ 46.
Ke5 Ra4 47. Rb8+ Kc4 48. Rb4+ Rxb4 49. axb4 Kxb4 1/2-1/2

[Event "British Chess Championship 2010"]
[Site "Canterbury ENG"]
[Date "2010.07.30"]
[Round "5.27"]
[White "Grant, David J"]
[Black "Spence, David J"]
[Result "1/2-1/2"]
[WhiteElo "2082"]
[BlackElo "2244"]
[PlyCount "34"]
[EventDate "2010.07.27"]
[EventType "swiss"]
[EventRounds "11"]
[EventCountry "ENG"]
[Source "lmi"]
[SourceDate "2010.07.25"]

1. d4 e6 2. c4 Nf6 3. Nf3 b6 4. a3 Bb7 5. Nc3 Be7 6. Qc2 d5 7. cxd5 Nxd5 8. e4
Nxc3 9. bxc3 Nd7 10. Bd3 O-O 11. O-O c5 12. Bb2 Rc8 13. Qe2 Qc7 14. Rad1 Rfd8
15. Nd2 Nb8 16. f4 Rd7 17. Nf3 Rdd8 1/2-1/2

[Event "British Chess Championship 2010"]
[Site "Canterbury ENG"]
[Date "2010.07.30"]
[Round "5.28"]
[White "Maciol, Ryszard"]
[Black "Freeman, Richard C P"]
[Result "1-0"]
[WhiteElo "2239"]
[BlackElo "2056"]
[PlyCount "101"]
[EventDate "2010.07.27"]
[EventType "swiss"]
[EventRounds "11"]
[EventCountry "ENG"]
[Source "lmi"]
[SourceDate "2010.07.25"]

1. d4 g6 2. c4 Bg7 3. e4 d6 4. Nc3 e5 5. Nge2 Nc6 6. Be3 Nh6 7. d5 Ne7 8. f3 f5
9. Qd2 f4 10. Bf2 g5 11. c5 Nf7 12. cxd6 Nxd6 13. b3 O-O 14. O-O-O b5 15. Kb1
a5 16. Nc1 Bd7 17. Be2 Qe8 18. a3 b4 19. axb4 a4 20. Kb2 Qb8 21. Bc5 Kf7 22.
Nxa4 Bxa4 23. bxa4 Rxa4 24. Nb3 Qb7 25. Ra1 Rfa8 26. Rxa4 Rxa4 27. Ra1 Rxa1 28.
Kxa1 Nec8 29. Na5 Qa8 30. Qa2 Bf8 31. Nc6 Qxa2+ 32. Kxa2 Kf6 33. Nd8 Be7 34.
Nc6 Bf8 35. Kb3 Nb6 36. Nd8 Nd7 37. Ne6 Be7 38. Nxc7 Nxc5+ 39. bxc5 Nb7 40. c6
Nc5+ 41. Kc4 Bd6 42. Ne8+ Ke7 43. Nxd6 Kxd6 44. c7 Nd7 45. c8=N+ Kc7 46. Ne7 h5
47. Nf5 Nf6 48. Kb5 g4 49. d6+ Kd7 50. Kc5 Nh7 51. Kd5 1-0

[Event "British Chess Championship 2010"]
[Site "Canterbury ENG"]
[Date "2010.07.30"]
[Round "5.30"]
[White "Vrubl, Jaroslav"]
[Black "Bucher, Grant W"]
[Result "1-0"]
[WhiteElo "2210"]
[BlackElo "2012"]
[PlyCount "76"]
[EventDate "2010.07.27"]
[EventType "swiss"]
[EventRounds "11"]
[EventCountry "ENG"]
[Source "lmi"]
[SourceDate "2010.07.25"]

1. e4 e5 2. Nf3 Nc6 3. Bc4 Nf6 4. d4 exd4 5. e5 d5 6. Bb5 Ne4 7. Nxd4 Bd7 8.
Bxc6 bxc6 9. O-O Bc5 10. Nb3 Bb6 11. a4 a5 12. N1d2 Qh4 13. Nxe4 Qxe4 14. Re1
Bg4 15. Qd2 Qc4 16. Qf4 Qxc2 17. Be3 Qxb3 18. Qxg4 Bxe3 19. Qxg7 Bxf2+ 20. Kxf2
Qb6+ 21. Kf1 O-O-O 22. Rac1 Kb7 23. Rc2 d4 24. Rf2 d3 25. Rxf7 d2 26. Rd1 Qb3
27. Rxc7+ Kb8 28. Ke2 Qc4+ 29. Kf2 Rhf8+ 30. Kg1 Rf1+ 31. Rxf1 Qd4+ 32. Kh1
d1=Q 33. Rb7+ Ka8 34. Rbf7 Qe2 35. h3 Re8 36. Rf8 Qd8 37. R1f7 Qe1+ 38. Kh2
Rxf8 1-0

[Event "British Chess Championship 2010"]
[Site "Canterbury ENG"]
[Date "2010.07.30"]
[Round "5.31"]
[White "Messam-Sparks, Lateefah"]
[Black "Sugden, John N"]
[Result "1/2-1/2"]
[WhiteElo "1904"]
[BlackElo "2199"]
[PlyCount "59"]
[EventDate "2010.07.27"]
[EventType "swiss"]
[EventRounds "11"]
[EventCountry "ENG"]
[Source "lmi"]
[SourceDate "2010.07.25"]

1. d4 Nf6 2. c4 e6 3. e3 c5 4. Nc3 cxd4 5. exd4 d5 6. c5 Ne4 7. Be3 Nxc3 8.
bxc3 Be7 9. Nf3 O-O 10. Bd3 b6 11. cxb6 axb6 12. Qc2 h6 13. Qd2 Ba6 14. Bb1 f5
15. Bxh6 gxh6 16. Qxh6 Rf6 17. Qg5+ Kh7 18. Qh5+ Rh6 19. Qf7+ Kh8 20. Ne5 Bd6
21. Ng6+ Rxg6 22. Qxg6 Ra7 23. Kd1 Bc8 24. Re1 Rg7 25. Qh5+ Rh7 26. Qg6 Rg7 27.
Qh5+ Rh7 28. Qg6 Rg7 29. Qh5+ Rh7 30. Qg6 1/2-1/2

[Event "British Chess Championship 2010"]
[Site "Canterbury ENG"]
[Date "2010.07.30"]
[Round "5.32"]
[White "McCullough, Simon L"]
[Black "Shaw, Peter"]
[Result "1/2-1/2"]
[WhiteElo "2030"]
[BlackElo "2173"]
[PlyCount "73"]
[EventDate "2010.07.27"]
[EventType "swiss"]
[EventRounds "11"]
[EventCountry "ENG"]
[Source "lmi"]
[SourceDate "2010.07.25"]

1. e4 c6 2. d4 d5 3. Nc3 dxe4 4. Nxe4 Bf5 5. Ng3 Bg6 6. h4 h6 7. Nf3 Nd7 8. h5
Bh7 9. Bd3 Bxd3 10. Qxd3 e6 11. Bd2 Ngf6 12. O-O Be7 13. c4 O-O 14. Bc3 Qc7 15.
Rfe1 Rad8 16. Qe2 Bd6 17. Ne5 c5 18. dxc5 Bxe5 19. Bxe5 Nxe5 20. Qxe5 Qxe5 21.
Rxe5 Nd7 22. Re3 Nxc5 23. b4 Nd7 24. Rd1 Nf6 25. Red3 Rxd3 26. Rxd3 Rc8 27. c5
Kf8 28. f4 Ke7 29. f5 Rd8 30. Ra3 a6 31. c6 bxc6 32. Rxa6 Ng4 33. Kf1 Rd4 34.
fxe6 Rxb4 35. exf7 Kxf7 36. Rxc6 Ra4 37. Rc7+ 1/2-1/2

[Event "British Chess Championship 2010"]
[Site "Canterbury ENG"]
[Date "2010.07.30"]
[Round "5.33"]
[White "Mackle, Dominic"]
[Black "Almond, Richard J"]
[Result "1-0"]
[WhiteElo "2021"]
[BlackElo "2148"]
[PlyCount "79"]
[EventDate "2010.07.27"]
[EventType "swiss"]
[EventRounds "11"]
[EventCountry "ENG"]
[Source "lmi"]
[SourceDate "2010.07.25"]

1. d4 d5 2. Bf4 Nf6 3. e3 e6 4. c3 Be7 5. Bd3 O-O 6. Nf3 b6 7. Ne5 Bb7 8. Nd2
c5 9. Qf3 Nc6 10. Qh3 g6 11. Bh6 Re8 12. f4 Rc8 13. O-O Rc7 14. Rad1 Qc8 15.
Ndf3 Ne4 16. Bxe4 dxe4 17. Ng5 f5 18. Nxe6 Qxe6 19. d5 Qc8 20. dxc6 Bxc6 21.
Rd2 Rd8 22. Rfd1 Rxd2 23. Rxd2 Qe6 24. Qg3 Be8 25. h4 Bf6 26. h5 Bxe5 27. fxe5
Rd7 28. Rd6 Rxd6 29. exd6 Qd5 30. Qf4 Kf7 31. hxg6+ hxg6 32. Bg5 Ke6 33. Be7
Bb5 34. b3 Qd1+ 35. Kh2 Qh5+ 36. Kg3 Be2 37. d7 Kxd7 38. Qd6+ Kc8 39. Qc6+ Kb8
40. Bd6# 1-0

[Event "British Chess Championship 2010"]
[Site "Canterbury ENG"]
[Date "2010.07.30"]
[Round "5.34"]
[White "Helbig, Paul D"]
[Black "Dines, Sheila J"]
[Result "1-0"]
[WhiteElo "2160"]
[BlackElo "1931"]
[PlyCount "63"]
[EventDate "2010.07.27"]
[EventType "swiss"]
[EventRounds "11"]
[EventCountry "ENG"]
[Source "lmi"]
[SourceDate "2010.07.25"]

1. e4 e5 2. f4 Bc5 3. Nf3 d6 4. Nc3 Nf6 5. Bc4 Nc6 6. d3 Bg4 7. Na4 Bb6 8. Nxb6
axb6 9. c3 h6 10. O-O O-O 11. h3 Bh5 12. g4 Nxg4 13. hxg4 Bxg4 14. Qe1 exf4 15.
Bxf4 Ra5 16. Qg3 Bxf3 17. Rxf3 Ne5 18. Bxe5 Rxe5 19. Qg2 Kh8 20. Raf1 g6 21.
Rg3 Qe7 22. Rf4 c6 23. d4 Rh5 24. b4 d5 25. Be2 Rg5 26. e5 Rxg3 27. Qxg3 Ra8
28. Bd3 Rxa2 29. Rf6 c5 30. Qh4 Kh7 31. e6 fxe6 32. Qf4 1-0

[Event "British Chess Championship 2010"]
[Site "Canterbury ENG"]
[Date "2010.07.30"]
[Round "5.35"]
[White "Sathyanandha, Saravanan"]
[Black "Mayhew, Andrew"]
[Result "1-0"]
[WhiteElo "1986"]
[BlackElo "2085"]
[PlyCount "53"]
[EventDate "2010.07.27"]
[EventType "swiss"]
[EventRounds "11"]
[EventCountry "ENG"]
[Source "lmi"]
[SourceDate "2010.07.25"]

1. c4 b6 2. Nc3 Bb7 3. d4 e6 4. e4 Bb4 5. f3 f5 6. exf5 Nh6 7. fxe6 Nf5 8. Bd3
Bxc3+ 9. bxc3 Qh4+ 10. Kd2 Qg5+ 11. Kc2 Qxg2+ 12. Qe2 Qxe2+ 13. Nxe2 dxe6 14.
Nf4 Bc8 15. Re1 Kf7 16. Ba3 g5 17. Bxf5 gxf4 18. Be4 c6 19. Bd6 Bb7 20. Bf5 Bc8
21. Bh3 Na6 22. Re4 e5 23. Bxc8 Raxc8 24. Bxe5 Rhg8 25. Rxf4+ Ke7 26. Re1 Rcf8
27. Bg7+ 1-0

[Event "British Chess Championship 2010"]
[Site "Canterbury ENG"]
[Date "2010.07.30"]
[Round "5.36"]
[White "Van Kemenade, Rudy"]
[Black "Senior, Gary"]
[Result "0-1"]
[WhiteElo "1995"]
[BlackElo "2069"]
[PlyCount "76"]
[EventDate "2010.07.27"]
[EventType "swiss"]
[EventRounds "11"]
[EventCountry "ENG"]
[Source "lmi"]
[SourceDate "2010.07.25"]

1. e4 c5 2. Nf3 Nc6 3. Bb5 e6 4. O-O Nge7 5. c3 a6 6. Ba4 b5 7. Bc2 d5 8. e5 d4
9. d3 Ng6 10. Re1 Bb7 11. a4 Be7 12. axb5 axb5 13. Rxa8 Qxa8 14. Na3 Na7 15. c4
b4 16. Ba4+ Kf8 17. Nb1 Kg8 18. Nbd2 h6 19. Ne4 Qb8 20. Ng3 Kh7 21. Bd2 Nc6 22.
Nh5 Ncxe5 23. Nxe5 Nxe5 24. Rxe5 Qxe5 25. Bf4 Qf5 26. g4 Qg6 27. Bg3 Ra8 28. h4
Kh8 29. Bd7 Rd8 30. Ba4 Bd6 31. Nf4 Bxf4 32. Bxf4 Qf6 33. Bg3 Bf3 34. Qe1 Ra8
35. b3 Qg6 36. Qe5 Qxd3 37. Qxc5 Qd1+ 38. Kh2 Qh1# 0-1

[Event "British Chess Championship 2010"]
[Site "Canterbury ENG"]
[Date "2010.07.30"]
[Round "5.37"]
[White "Tambini, Jasper"]
[Black "Jameson, David"]
[Result "1-0"]
[WhiteElo "1890"]
[BlackElo "2047"]
[PlyCount "51"]
[EventDate "2010.07.27"]
[EventType "swiss"]
[EventRounds "11"]
[EventCountry "ENG"]
[Source "lmi"]
[SourceDate "2010.07.25"]

1. d4 d5 2. Nf3 c5 3. e3 Nf6 4. c3 e6 5. Bd3 Nc6 6. O-O b6 7. Nbd2 Bb7 8. Qe2
Be7 9. Re1 O-O 10. Nf1 Qc7 11. Ng3 Rad8 12. b3 Rd7 13. Bb2 Rfd8 14. Rac1 Rc8
15. c4 dxc4 16. Bxc4 cxd4 17. exd4 Nd5 18. Ne5 Nxe5 19. Bxd5 Nc6 20. Bxe6 fxe6
21. Qxe6+ Kh8 22. d5 Rd6 23. Bxg7+ Kxg7 24. Nf5+ Kf8 25. Nxd6 Qxd6 26. dxc6 1-0

[Event "British Chess Championship 2010"]
[Site "Canterbury ENG"]
[Date "2010.07.31"]
[Round "6.2"]
[White "Gormally, Daniel W"]
[Black "Hunt, Adam C"]
[Result "1/2-1/2"]
[WhiteElo "2480"]
[BlackElo "2408"]
[PlyCount "103"]
[EventDate "2010.07.27"]
[EventType "swiss"]
[EventRounds "11"]
[EventCountry "ENG"]
[Source "lmi"]
[SourceDate "2010.07.25"]

1. e4 c5 2. Nf3 d6 3. c3 Nf6 4. h3 g6 5. Bd3 Bg7 6. O-O O-O 7. Bc2 Nc6 8. d4
cxd4 9. cxd4 e5 10. Be3 exd4 11. Nxd4 Nb4 12. Nc3 Nxc2 13. Qxc2 a6 14. Rad1 Re8
15. Bg5 Bd7 16. Nd5 Rc8 17. Qd3 Be6 18. Nxe6 fxe6 19. Nxf6+ Bxf6 20. Bxf6 Qxf6
21. Qxd6 Qxb2 22. Qd7 Qxa2 23. Qxb7 Rb8 24. Qc7 Rbc8 25. Qe5 Re7 26. Rd6 Rf8
27. f3 Ra8 28. Rfd1 Rae8 29. Kh2 Qc4 30. Qa5 Qc7 31. Qxa6 Rd7 32. e5 Rde7 33.
Qd3 Qc5 34. Qe4 Rf7 35. Rc6 Qb5 36. Rdd6 Rfe7 37. f4 Qb3 38. Rd3 Qa2 39. Rg3
Rf7 40. Rf3 Kg7 41. Rc2 Qb1 42. Qc6 Rd8 43. Rc1 Qa2 44. Qc4 Qb2 45. Rc2 Qb1 46.
Rf1 Qb6 47. Rcf2 Rd4 48. Qe2 Qb4 49. Qg4 Qc4 50. Qg3 Re4 51. Rf3 Rd4 52. Qf2
1/2-1/2

[Event "British Chess Championship 2010"]
[Site "Canterbury ENG"]
[Date "2010.07.31"]
[Round "6.3"]
[White "Houska, Jovanka"]
[Black "Pert, Richard G"]
[Result "1/2-1/2"]
[WhiteElo "2433"]
[BlackElo "2460"]
[PlyCount "24"]
[EventDate "2010.07.27"]
[EventType "swiss"]
[EventRounds "11"]
[EventCountry "ENG"]
[Source "lmi"]
[SourceDate "2010.07.25"]

1. d4 Nf6 2. Nf3 d5 3. c4 e6 4. e3 c5 5. cxd5 exd5 6. Bb5+ Bd7 7. Bxd7+ Nbxd7
8. dxc5 Nxc5 9. O-O Be7 10. b3 O-O 11. Nc3 Rc8 12. Bb2 Nfe4 1/2-1/2

[Event "British Chess Championship 2010"]
[Site "Canterbury ENG"]
[Date "2010.07.31"]
[Round "6.4"]
[White "Tymrakiewicz, Rafal"]
[Black "Gordon, Stephen J"]
[Result "0-1"]
[WhiteElo "2301"]
[BlackElo "2534"]
[PlyCount "124"]
[EventDate "2010.07.27"]
[EventType "swiss"]
[EventRounds "11"]
[EventCountry "ENG"]
[Source "lmi"]
[SourceDate "2010.07.25"]

1. d4 Nf6 2. Nf3 d5 3. e3 c5 4. c3 Qc7 5. Ne5 g6 6. Nd2 Bg7 7. Bd3 O-O 8. O-O
Ne8 9. f4 Nd6 10. Qf3 e6 11. Kh1 Nd7 12. Nxd7 Bxd7 13. dxc5 Qxc5 14. e4 Bb5 15.
e5 Bxd3 16. Qxd3 Nc4 17. Nxc4 dxc4 18. Be3 Qc6 19. Qc2 Rfd8 20. Rad1 Bf8 21.
Rf2 Rxd1+ 22. Qxd1 Qe4 23. Bd4 Rd8 24. Qf1 b5 25. h3 h5 26. Kh2 Be7 27. g3 Qc6
28. Qg2 Rd5 29. g4 hxg4 30. Qxg4 Bc5 31. Bxc5 Qxc5 32. Rg2 Qe3 33. Qg3 Qc1 34.
Qf2 Rd1 35. Kg3 Rd3+ 36. Kh2 Qd1 37. Qe2 Qxe2 38. Rxe2 Rf3 39. a4 a6 40. a5
Rxf4 41. Rd2 Re4 42. Rd6 Rxe5 43. Rxa6 Re2+ 44. Kg3 Rxb2 45. Rb6 Rb3 46. Kg4
Rxc3 47. Rxb5 Ra3 48. Rc5 c3 49. Kg5 Kg7 50. Kg4 c2 51. Rxc2 Rxa5 52. Rc3 Ra4+
53. Kg3 f5 54. Rd3 Kf6 55. Rb3 Ra1 56. Re3 g5 57. Rb3 g4 58. hxg4 Rg1+ 59. Kf3
Rxg4 60. Ra3 Rh4 61. Ra8 Rh3+ 62. Kf2 e5 0-1

[Event "British Chess Championship 2010"]
[Site "Canterbury ENG"]
[Date "2010.07.31"]
[Round "6.5"]
[White "Slavin, Alexei"]
[Black "Conquest, Stuart C"]
[Result "0-1"]
[WhiteElo "2417"]
[BlackElo "2523"]
[PlyCount "80"]
[EventDate "2010.07.27"]
[EventType "swiss"]
[EventRounds "11"]
[EventCountry "ENG"]
[Source "lmi"]
[SourceDate "2010.07.25"]

1. d4 Nf6 2. Nf3 g6 3. c4 d6 4. h3 Bg7 5. Nc3 Nbd7 6. e4 e5 7. d5 Nc5 8. Qc2 a5
9. Bg5 Bd7 10. Nd2 O-O 11. Be2 c6 12. Nb3 Nxb3 13. Qxb3 Qc7 14. a3 Kh8 15. Be3
a4 16. Qc2 b5 17. Rc1 bxc4 18. Bxc4 c5 19. Bb5 Bxb5 20. Nxb5 Qa5+ 21. Nc3 Nd7
22. O-O Qa6 23. Nb1 f5 24. f3 Rab8 25. Nd2 f4 26. Bf2 Bf6 27. Nc4 Be7 28. Be1
Rb5 29. Rb1 Rfb8 30. Qd2 Bd8 31. Qc2 Rb3 32. Bc3 Qxc4 33. Rbc1 Kg8 34. g3 Bg5
35. Qd2 Qa6 36. Rc2 Bh6 37. Qe1 Rf8 38. Rg2 Qd3 39. gxf4 Bxf4 40. Qb1 Be3+ 0-1

[Event "British Chess Championship 2010"]
[Site "Canterbury ENG"]
[Date "2010.07.31"]
[Round "6.6"]
[White "Williams, Simon K"]
[Black "Rendle, Thomas E"]
[Result "1-0"]
[WhiteElo "2511"]
[BlackElo "2391"]
[PlyCount "119"]
[EventDate "2010.07.27"]
[EventType "swiss"]
[EventRounds "11"]
[EventCountry "ENG"]
[Source "lmi"]
[SourceDate "2010.07.25"]

1. Nf3 f5 2. e4 fxe4 3. Ng5 Nc6 4. d3 e3 5. Bxe3 e5 6. c4 Nf6 7. Nc3 Bb4 8.
Nge4 O-O 9. Be2 Nd4 10. O-O Bxc3 11. bxc3 Nxe2+ 12. Qxe2 Nxe4 13. dxe4 Qh4 14.
f3 b6 15. c5 Bb7 16. cxb6 cxb6 17. Rfd1 Bc6 18. a4 Qe7 19. a5 Rab8 20. axb6
axb6 21. Qf2 Qe6 22. Qd2 b5 23. Bc5 Rf6 24. Bd6 Re8 25. Qe3 h6 26. Rd2 Kh7 27.
Rad1 Qc4 28. Bb4 Ra8 29. Bd6 Re6 30. Qc5 Qxc5+ 31. Bxc5 Ra4 32. Rd6 Re8 33. h4
h5 34. R6d2 Rea8 35. Bd6 Re8 36. Kf2 Kg6 37. Ke3 Kf6 38. Bb4 Ra7 39. Rg1 Kf7
40. g4 hxg4 41. Rxg4 d5 42. exd5 Bd7 43. Rg5 Kf6 44. d6 g6 45. Rdg2 Bf5 46. h5
e4 47. f4 Rh7 48. hxg6 Rh3+ 49. R5g3 Rxg3+ 50. Rxg3 Rg8 51. Kd4 Rxg6 52. Re3
Rg8 53. Ba5 Rg1 54. Kc5 Rd1 55. Bb4 Ke6 56. Kxb5 Kd5 57. c4+ Ke6 58. c5 Rd3 59.
Rxd3 exd3 60. Kc6 1-0

[Event "British Chess Championship 2010"]
[Site "Canterbury ENG"]
[Date "2010.07.31"]
[Round "6.7"]
[White "Constantinou, Peter"]
[Black "Wells, Peter K"]
[Result "1/2-1/2"]
[WhiteElo "2302"]
[BlackElo "2488"]
[PlyCount "31"]
[EventDate "2010.07.27"]
[EventType "swiss"]
[EventRounds "11"]
[EventCountry "ENG"]
[Source "lmi"]
[SourceDate "2010.07.25"]

1. d4 Nf6 2. c3 c5 3. Nf3 e6 4. Bg5 d5 5. e3 Nbd7 6. Nbd2 Be7 7. Bd3 b6 8. O-O
Bb7 9. Qb1 a6 10. b4 cxb4 11. cxb4 Rc8 12. b5 a5 13. Rc1 h6 14. Bh4 O-O 15.
Rxc8 Qxc8 16. Qb2 1/2-1/2